عرض عادي
عرض مارك
- AL-Faeih, Anwar Mefdy AL-Hmoud.
مدخل إسم شخص
001 - رقم الضبط
- حقل الضبط: 3297
003 - معرف رقم الضبط
- حقل الضبط: OSt
005 - تاريخ ووقت أخر عملية
- حقل الضبط: 20110826113349.0
008 - عناصر بيانات ثابتة الطول
- حقل تحكم ثابت الطول: 110826|||a|||||| | ||| d
040 ## - مصدر الفهرسة
- هيئة الفهرسة الأصلية: OSt
- وكالة الكتابة: OSt
100 ## - مدخل -- أسم شخص
- إسم شخص: AL-Faeih, Anwar Mefdy AL-Hmoud.
670 ## - بيانات المصدر موجوده
- الاستشهاد بالمصدر: Work cat.: (OSt): AL-Faeih, Anwar Mefdy AL-Hmoud., Java script manual =, 2010
